00979nam a22002537a 45000010005000000030006000050050017000110080041000280200017000690400029000860500014001150820011001291000029001402450134001692600037003033000049003404900024003895050008004135200201004215210029006225210020006516500022006717000032006933942FISKH20250828102405.0240527b cb ||||| |||| 00| 0 eng d a708431390249 aFISKHbengcFISKHdFISKH aPN1992.G6 a791.45 aHolland, Trish eauthor  aGo Diego Go ! Underwater Mystery / cWritten by Trish Holland : Illustrated by Susan Hall : Original teleplay by Valerie Walsh  aCalifornia : bLeapFrog ; c2007 a25 pages : bcolor illustrations ;c24 cm .  aTag Reading System  aJ  aDiego and his friends are on their first underwater adventure! Help Lucy the mystery fish find out what kind of fish she is, rescue a dolphin, learn lots of fun facts about jaguars, and much more.8 a450 bLexile estimate 8 aJ bRaz-Plus  aFamily vFiction  aHall, Susan eillustratior